00415 2200169 4500245004100000020002200041250000900063100001700072700002100089650002000110005001900130260003800149041001400187084000800201490002700209336000900236 aUbur-Ubur LemburcRaditya DikahText a978-979-780-915-7 a2018 aRaditya Dika aWindy Ariestanty aFiksi Indonesia a20240906112828 aJakarta SelatanbGagasMediac2018 aIndonesia a813 aviii + 232 hlm ; 20 cm atext